Caribbean Small States : Challenges of High Debt and Low Growth.

This paper presents background on Caribbean small states as context for the main paper, 'Macroeconomic Issues in Small States and Implications for Fund Engagement.' It draws on recent analytical work presented at a conference for policy makers in September 2012, in Trinidad and Tobago. Car...

Повний опис

Бібліографічні деталі
Співавтор: International Monetary Fund
Формат: Журнал
Мова:English
Опубліковано: Washington, D.C. : International Monetary Fund, 2013.
Серія:Policy Papers; Policy Paper ; No. 2013/011
Онлайн доступ:Full text available on IMF
LEADER 01539cas a2200241 a 4500
001 AALejournalIMF020556
008 230101c9999 xx r poo 0 0eng d
020 |c 5.00 USD 
020 |z 9781498342261 
022 |a 2663-3493 
040 |a BD-DhAAL  |c BD-DhAAL 
110 2 |a International Monetary Fund. 
245 1 0 |a Caribbean Small States :   |b Challenges of High Debt and Low Growth. 
264 1 |a Washington, D.C. :  |b International Monetary Fund,  |c 2013. 
300 |a 1 online resource (22 pages) 
490 1 |a Policy Papers 
500 |a <strong>Off-Campus Access:</strong> No User ID or Password Required 
500 |a <strong>On-Campus Access:</strong> No User ID or Password Required 
506 |a Electronic access restricted to authorized BRAC University faculty, staff and students 
520 3 |a This paper presents background on Caribbean small states as context for the main paper, 'Macroeconomic Issues in Small States and Implications for Fund Engagement.' It draws on recent analytical work presented at a conference for policy makers in September 2012, in Trinidad and Tobago. Caribbean small states, while sharing many features of other small states (size-related macroeconomic vulnerabilities, lack of economies of scale, and capacity constraints) have specific characteristics which merit attention. 
538 |a Mode of access: Internet 
830 0 |a Policy Papers; Policy Paper ;  |v No. 2013/011 
856 4 0 |z Full text available on IMF  |u http://elibrary.imf.org/view/journals/007/2013/011/007.2013.issue-011-en.xml  |z IMF e-Library